Statistiken für Die erfolgreichsten Formel 1 Fahrer je Land

Klicken Sie hier um das Quiz zu spielen!

Allgemein

  • Dieses Quiz wurde 347 mal gespielt
  • Das Durchschnittsergebnis liegt bei 17 aus 40

Antwortstatistiken

NationFahrerErfolgeAnzahl RennenJahre% Korrekt
GroßbrittanienLewis Hamilton4405,5 WM-Punkte, 191 Podien, 103 Siege, Weltmeister 2008, 2014, 2015, 2017, 2018, 2019, 20203102007 -
96%
DeutschlandMichael Schumacher1566 WM-Punkte,155 Podien, 91 Siege, Weltmeister 1994, 1995, 2000, 2001, 2002, 2003, 20043071991 - 2006, 2010 - 2012
95%
BrasilienAyrton Senna614 WM-Punkte, 80 Podien, 41 Siege, Weltmeister 1988, 1990, 19911611984 - 1994
91%
NiederlandeMax Verstappen2011,5 WM-Punkte,76 Podien, 35 Siege, Weltmeister 2021, 20221632015 -
90%
FinnlandMika Häkkinen420 WM-Punkte, 51 Podien, 20 Siege, Weltmeister 1998, 19991611991 - 2001
81%
ÖsterreichNiki Lauda420,5 WM-Punkte, 54 Podien,25 Siege, Weltmeister 1975, 1977, 19841711971 - 1979, 1982 - 1985
80%
MonacoCharles Leclerc868 WM-Punkte, 24 Podien, 5 Siege, Vizeweltmeister 20221022018 -
79%
SpanienFernando Alonso2061 WM-Punkte, 98 Podien, 32 Siege, Weltmeister 2005, 20063562001, 2003 - 2018, 2021 -
79%
FrankreichAlain Prost798,5 WM-Punkte,106 Podien, 51 Siege, Weltmeister 1985, 1986, 1989, 19931991980 - 1991, 1993
77%
ArgentinienJuan Manuel Fangio277,64 WM-Punkte, 35 Podien, 24 Siege, Weltmeister 1951, 1954, 1955, 1956, 1957511950 - 1958
77%
MexikoSergio Perez1201 WM-Punkte, 26 Podien, 4 Siege2352011 -
72%
DänemarkKevin Magnussen183 WM-Punkte, 1 Podium1412014 - 2020, 2022 -
68%
KanadaJacques Villeneuve235 WM-Punkte, 23 Podien,11 Siege, Weltmeister 19971631996 - 2006
65%
PolenRobert Kubica274 WM-Punkte,12 Podien, 1 Sieg992006 - 2010, 2019, 2021 (2 Rennen)
62%
ThailandAlex Albon201 WM-Punkte, 2 Podien602019 -
58%
ItalienAlberto Ascari140,14 WM-Punkte,17 Podien, 13 Siege, Weltmeister 1952, 1953321950 - 1955
53%
KolumbienJuan Pablo Montoya307 WM-Punkte, 30 Podien, 7 Siege942001 - 2006
45%
SüdafrikaJody Scheckter255 WM-Punkte, 33 Podien, 10 Siege, Weltmeister 19791121972 - 1980
43%
AustralienJack Brabham261 WM-Punkte, 31 Podien, 14 Siege, Weltmeister 1959, 1960, 19661261955 - 1970
39%
RusslandDaniil Kvyat202 WM-Punkte, 3 Podien1102014 - 2017, 2019 - 2020
38%
USAMario Andretti180 WM-Punkte,19 Podien,12 Siege, Weltmeister 19781281968 - 1972, 1974 - 1982
37%
VenezuelaPastor Maldonado76 WM-Punkte, 1 Podium, 1 Sieg952011 - 2015
37%
ChinaZhou Guanyu6 WM-Punkte222022 -
34%
BelgienJacky Ickx181 WM-Punkte, 25 Podien, 8 Siege, Vizeweltmeister 1969, 19701161966 -1979
32%
NeuseelandDenis Hulme248 WM-Punkte, 33 Podien, 8 Siege, Weltmeister 19671121965 - 1974
28%
JapanTakuma Sato44 WM-Punkte, 1 Podium902002 - 2008
27%
SchwedenRonnie Peterson206 WM-Punkte, 26 Podien, 10 Siege, Vizeweltmeister 1971, 19781231970 - 1978
16%
IndienNarain Karthikeyan5 WM-Punkte462005, 2011 - 2012
15%
IndonesienRyo Haryanto-122016
13%
SchweizClay Reggazzoni212 WM-Puntke, 28 Podien, 5 Siege, Vizeweltmeister 19741321970 - 1980
9%
MalaysiaAlex Yoong-182001 - 2002
8%
PortugalTiago Monteiro7 WM-Punkte, 1 Podium372005 - 2006
7%
UngarnZsolt Baumgartner1 WM-Punkt202003 - 2004
7%
TschechienTomáš Enge-32001
4%
LiechtensteinRikky von Opel-141973 - 1974
3%
IrlandDerek Daly15 WM-Punkte481978 - 1982
1%
ChileEliseo Salazar3 WM-Punkte24 (13x nicht qualifiziert)1981 - 1983
1%
SimbabweJohn Love6 WM-Punkte, 1 Podium9 (1x nicht qualifiziert)1962 - 1972
1%
UruguayEitel Cantoni-31952
0%
MarokkoRobert La Caze-11958
0%

Verteilung der Resultate

Perzentil nach korrekt beantworteten Fragen

Anzahl Personen mit jedem Resultat

Ihre Resultats-Entwicklung

Sie haben dieses Quiz noch nicht gespielt